000 00807nam a2200253Ia 4500
003 OSt
005 20220930065121.0
006 a|||||r|||| 00| 0
007 ta
008 220926b |||||||| |||| 00| 0 eng d
024 _a5159
037 _cTheses
040 _aCRL
_cCRL
_beng
041 _2eng
_aeng
100 _aChaitanya Kumar
_9525432
110 _aUniversity of Delhi. Faculty of Mathematical Sciences. Department of Mathematics
245 0 _aScattering of plane waves by arbitrary penetrable cylindrical obstacles
260 _c1993
650 _aMATHEMATICS
700 _a Prof D L Jain Gu.
_9522986
700 _aUniversity of Delhi. Faculty of Mathematical Sciences. Department of Mathematics
942 _cDIS
_2CC
999 _c859119
_d859119